000 01345pam a2200325 a 4500
999 _c4231
_d4231
001 637253
003 GZU
005 20210315094827.0
008 931227s1994 enka b 001 0 eng
020 _a0852554079 (J. Currey : pbk.)
020 _a0852554087 (J. Currey : cloth)
020 _a0435089536 (Heinemann : cloth)
040 _cDLC
050 0 0 _aHQ1240.A357
_bADE 1994
245 0 0 _aGender, work & population in sub-Saharan Africa /
_cedited by Aderanti Adepoju, Christine Oppong.
246 3 _aGender, work, and population in sub-Saharan Africa
260 _aLondon :
_bPublished on behalf of International Labour Office, Geneva by J. Currey ;
_aPortsmouth, N.H. :
_bHeinemann,
_c1994.
300 _ax, 245 p. :
_bill. ;
_c25 cm.
504 _aIncludes bibliographical references (p. 226-240) and index.
650 0 _aWomen in rural development
_zAfrica, Sub-Saharan.
650 0 _aWomen
_xEmployment
_zAfrica, Sub-Saharan.
650 0 _aWork and family
_zAfrica, Sub-Saharan.
650 0 _aFertility, Human
_zAfrica, Sub-Saharan.
700 1 _aAdepoju, Aderanti.
700 1 _aOppong, Christine.
710 2 _aInternational Labour Office.
906 _a7
_bcbc
_corignew
_d1
_eocip
_f19
_gy-gencatlg
942 _2lcc
_cBK
_h1240.A357
_iADE
_kHQ